000 00517nam a2200181Ia 4500
003 OSt
005 20250129110505.0
008 210210b1953 xxu||||| |||| 00| 0 eng d
040 _cAL
041 _akan
082 _a853/361
100 _aRAJARAV (Kaivar)
_9161703
_dರಾಜಾರಾವ್ ಕೈವಾರ
245 _aNava dampatigalu:
_bನವದಂಪತಿಗಳು
260 _aBengaluru
_bSatyashodhana Prakatana Mandira
_c1953
690 _aKannada Drama
_9161704
906 _a019637
942 _2ddc
_cBK
999 _c143771
_d143771